=LDR 00000nam 2200000 4500 =001 INLIS000000000045731 =990 ##$$a 21419859 =005 20150209105302.0 =990 ##$$a 21419858 =006 =990 ##$$a 21419860 =007 =990 ##$$a 21419861 =008 =990 ##$$a 0001/BPAP-NTB/20142015 =020 ##$$a 979-763-131-1 =990 ##$$a 0001/BPAP-NTB/20142015 =035 ##$$0010-021500000000291 =040 ##$$a NBPDMAT =082 ##$$a 621.8 =090 ##$$a 621.8 $b Hut m =100 ##$$a Hutahaean Ramsean =245 ##$$a Mekanisme Dan Dinamika Mesin / $c Oleh Ir. Ramseyan Hutahaean Mt =250 ##$$a Cet. 1 =260 ##$$a Yogyakarta $b Andi $c 2006 =300 ##$$a vi, 297 hlm $b Ilus $c 2006 =500 ##$$a Bibliografi : hal. 297 =650 ##$$a Teknik Mesin =990 ##$$a 0001/BPAP-NTB/20142015 =990 ##$$a 0001/BPAP-NTB/20142015 =990 ##$$a 31723172 =990 ##$$a 21419859 =990 ##$$a 21419858 =990 ##$$a 21419860 =990 ##$$a 21419861 =990 ##$$a 0001/BPAP-NTB/20142015 =990 ##$$a 0001/BPAP-NTB/20142015 =990 ##$$a 1202003172